| 000 | 00799cam a2200217 4500 | ||
|---|---|---|---|
| 001 | ABS65443 | ||
| 008 | 020501n2002 000 0 eng u | ||
| 035 | _a(Sirsi) u117809 | ||
| 100 | _aHoxley, M. | ||
| 245 | _aCondition inspections of residential property: a procedural framework | ||
| 260 | _c2002 | ||
| 490 |
_aStructural Survey _v20(1) 2002, 31-35(5) |
||
| 520 | _aPresents a procedural framework for inspection and surveying of residential properties. Recommends sequence of tasks, criteria for inspection, and how and what should be recorded. Suggests reference is made to benchmarks such as SAVA. | ||
| 590 | _aABS | ||
| 650 | _aSURVEYING | ||
| 650 | _aPROCEDURES | ||
| 650 | _aSAVA | ||
| 650 | _aINSPECTIONS | ||
| 690 | _aPROPERTY MANAGEMENT-RESIDENTIAL PROPERTY | ||
| 942 | _n0 | ||
| 999 |
_c70153 _d70153 |
||